000 00535cam a2200193 4500
001 D2601
008 090401t1969 xxu||||| |||| 00| 0 eng d
035 _a(Sirsi) u69831
041 _aeng
050 _a333.00601
110 _aCommonwealth Association of Surveying and Land Economy
_92570
245 _aFirst General Assembly, 15 - 20 December 1969, [Georgetown, Guyana]
260 _aLondon
_bCASLE
_c1969
300 _a23p. photos. 30cm
350 _a0
520 _aShelved at F333.00601
942 _n0
948 _c04/03/1997
999 _c95238
_d95238